000 00721nam a2200217Ia 4500
003 IN-BaIIA
008 211028s9999 xx 000 0 eng d
040 _cIIA Library
080 _a551.510.5
_bION
100 _aSmith, Ernest K.
_93941
245 0 _aIonospheric sporadic E
_cErnest K. Smith and Sadami Matsushita
260 _aOxford
_bPergamon Press
_c1962
300 _axiii, 391p.
490 _aInternational series of monographs on electromagnetic waves;
650 _aAstronomy and astrophysics thesaurus
650 _aElectromagnetic waves
_92401
650 _aIonosphere
650 _aSporadic E Layer
_93942
700 _aMatsushita, Sadami
_93943
942 _cBK
999 _c2162
_d2162